|
|
|
|
| LEADER |
00000nam a2200000 4500 |
| 001 |
RU/URAIT/577331 |
| 003 |
https://urait.ru/bcode/577331 |
| 005 |
20250827050525.1 |
| 010 |
|
|
|a 978-5-534-21554-0
|d 439.00
|
| 073 |
|
1 |
|a 9785534215540
|d 439.00
|
| 100 |
|
|
|a 20250314d2025 km y0rusy50 ca
|
| 101 |
0 |
|
|a rus
|
| 102 |
|
|
|a RU
|
| 105 |
|
|
|a y j 000yy
|
| 106 |
|
|
|a s
|
| 200 |
1 |
|
|a Основы риск-анализа
|e учебник и практикум для вузов
|f Т. А. Пузыня.
|
| 210 |
|
|
|a Москва
|c Юрайт
|d 2025
|
| 215 |
|
|
|a 69 с
|
| 225 |
1 |
|
|a Высшее образование
|
| 230 |
|
|
|a Электрон. дан.
|
| 300 |
|
|
|a URL: https://urait.ru/bcode/577331 (дата обращения: 27.08.2025).
|
| 330 |
|
|
|a В курсе «Основы риск-анализа» представлены основные методики анализа рисков с приведением примеров их применения на практике. Курс включает тренировочные задачи, в тексте приведены базовые экономические концепции риск-анализа и модели экспертных систем, позволяющие овладеть аналитическим аппаратом и инструментарием исследования современных экономических проблем, описаны вопросы оценки рисков с помощью статистического анализа данных с применением метода регрессионного анализа данных. Предназначен для студентов направлений подготовки 38.03.01 Экономика и 38.03.02 Менеджмент.
|
| 337 |
|
|
|a Режим доступа: Электронно-библиотечная система Юрайт, для авториз. пользователей
|
| 610 |
2 |
|
|a Страхование. Управление рисками
|
| 610 |
2 |
|
|a Экономические науки
|
| 610 |
2 |
|
|a Финансовый риск-анализ
|
| 610 |
2 |
|
|a Математические основы риска
|
| 610 |
2 |
|
|a Инструментарий риск-анализа инновационной деятельности
|
| 610 |
2 |
|
|a Количественные методы в риск-анализе
|
| 610 |
2 |
|
|a Методы моделирования и риск-анализ природно-техногенных систем
|
| 610 |
2 |
|
|a Основы риск-менеджмента в банке
|
| 610 |
2 |
|
|a Математические основы риск-анализа
|
| 610 |
2 |
|
|a Риск-анализ вирусных атак на информационно-телекоммуникационные системы и сети
|
| 610 |
2 |
|
|a Риск-анализ флуд-атак на информационно-телекоммуникационные системы и сети
|
| 610 |
2 |
|
|a Основы риск-менеджмента, управления проектами и изменениями
|
| 610 |
2 |
|
|a Основы риск-менеджмента и антикризисного управления
|
| 610 |
2 |
|
|a Основы риска
|
| 610 |
2 |
|
|a Основы риск-анализа
|
| 675 |
|
|
|a 338.27(075.8)
|
| 686 |
|
|
|a 65.290-09я73
|2 rubbk
|
| 700 |
|
1 |
|a Пузыня
|b Т. А.
|g Татьяна Алексеевна
|
| 801 |
|
0 |
|a RU
|b ИКО Юрайт
|c 20250314
|g RCR
|2 rusmarc
|
| 801 |
|
1 |
|a RU
|b ИКО Юрайт
|c 20250314
|g RCR
|2 rusmarc
|
| 856 |
4 |
0 |
|n Юрайт
|g Электронная книга
|q html
|h ЮРАЙТ
|v 20250912
|2 Показать документ
|u https://urait.ru/bcode/577331
|
| 955 |
|
|
|a учебник и практикум
|
| 957 |
|
|
|a Финансовый риск-анализ
|
| 957 |
|
|
|a Математические основы риска
|
| 957 |
|
|
|a Инструментарий риск-анализа инновационной деятельности
|
| 957 |
|
|
|a Количественные методы в риск-анализе
|
| 957 |
|
|
|a Методы моделирования и риск-анализ природно-техногенных систем
|
| 957 |
|
|
|a Основы риск-менеджмента в банке
|
| 957 |
|
|
|a Математические основы риск-анализа
|
| 957 |
|
|
|a Риск-анализ вирусных атак на информационно-телекоммуникационные системы и сети
|
| 957 |
|
|
|a Риск-анализ флуд-атак на информационно-телекоммуникационные системы и сети
|
| 957 |
|
|
|a Основы риск-менеджмента, управления проектами и изменениями
|
| 957 |
|
|
|a Основы риск-менеджмента и антикризисного управления
|
| 957 |
|
|
|a Основы риска
|
| 957 |
|
|
|a Основы риск-анализа
|
| 900 |
|
|
|l
|